VM-Novitates. №8: Ископаемая флора медистых песчаников (верхняя пермь Приуралья) (Запись № 3848851)

Подробности
000 -МАРКЕР
контрольное поле 01267nam2a22002531 4500
001 - ИДЕНТИФИКАТОР ЗАПИСИ
контрольное поле RU\NLR\INFOCOMM10\1000112052
005 - ИДЕНТИФИКАТОР ВЕРСИИ
контрольное поле 20260406081120.0
035 ## - ДРУГИЕ СИСТЕМНЫЕ НОМЕРА
Идентификатор записи (NLR Aleph) 002648469
100 ## - ДАННЫЕ ОБЩЕЙ ОБРАБОТКИ
Данные общей обработки 20031225d2002 |||y0rusy50 ca
101 0# - ЯЗЫК РЕСУРСА
Язык текста, звукозаписи и т.д. русский
102 ## - СТРАНА ПУБЛИКАЦИИ ИЛИ ПРОИЗВОДСТВА
Страна публикации Российская Федерация
105 ## - ПОЛЕ КОДИРОВАННЫХ ДАННЫХ: ТЕКСТОВЫЕ МАТЕРИАЛЫ, МОНОГРАФИЧЕСКИЕ
Кодированные данные о монографическом текстовом документе y |||||||||
200 1# - ЗАГЛАВИЕ И СВЕДЕНИЯ ОБ ОТВЕТСТВЕННОСТИ
Основное заглавие Ископаемая флора медистых песчаников (верхняя пермь Приуралья)
Первые сведения об ответственности С.В. Наугольных
210 ## - ПУБЛИКАЦИЯ, РАСПРОСТРАНЕНИЕ И ДР.
Дата издания, распространения и т.д. 2002
Место издания, распространения и т.д. Б. м.
461 #0 - УРОВЕНЬ НАБОРА
Встроенное поле 001RU\NLR\INFOCOMM10\1000112044
-- 2001#$aVM-Novitates$eНовости из Геол. музея им. В.И. Верданского$fГос. геол. музей им. В.И. Вернадского РАН$v№8
Системный номер (АБИС) связанной записи 3848803
Место публикации М.
Дата публикации 1998 -
Первые сведения об ответственности Гос. геол. музей им. В.И. Вернадского РАН
Имя издателя, распространителя и т.д. Гос. геол. музей
Сведения, относящиеся к заглавию Новости из Геол. музея им. В.И. Вернадского
Заглавие VM-Novitates
ISSN 1029-7812
Номер тома №8
700 #1 - ИМЯ ЛИЦА - ПЕРВИЧНАЯ ОТВЕТСТВЕННОСТЬ
Код отношения Автор
Графика поля Кириллица
Материалы, к которым относится поле rus
Начальный элемент ввода Наугольных
Часть имени, кроме начального элемента ввода С. В.
Даты 1967-
Расширение инициалов личного имени Сергей Владимирович
Идентификатор авторитетной/нормативной записи RU\NLR\AUTH\770242559
Системный номер авторитетной/нормативной записи 242503
801 #1 - ИСТОЧНИК ЗАПИСИ
Страна Российская Федерация
Организация InfoComm
Дата составления 20031225
801 #0 - ИСТОЧНИК ЗАПИСИ
Страна Российская Федерация
Организация NLR
Правила каталогизации PSBO
852 ## - МЕСТОНАХОЖДЕНИЕ И ШИФР ХРАНЕНИЯ
Идентификатор организации NLR
Шифр хранения (Call Number) П7/2482
942 ## - ДОПОЛНИТЕЛЬНЫЕ ЭЛЕМЕНТЫ ЗАПИСИ (АБИС)
Тип экземпляра АБИС Выпуск
980 ## - КОЛЛЕКЦИЯ
Название коллекции Национальная библиография
980 ## - КОЛЛЕКЦИЯ
Название коллекции Русская периодика

Нет доступных экземпляров.